Leaves of grass (Record no. 11643)
[ view plain ]
| 000 -LEADER | |
|---|---|
| fixed length control field | 00686nam a2200229Ia 4500 |
| 005 - DATE AND TIME OF LATEST TRANSACTION | |
| control field | 20221214121301.0 |
| 008 - FIXED-LENGTH DATA ELEMENTS--GENERAL INFORMATION | |
| fixed length control field | 131103s9999 xx 000 0 und d |
| 020 ## - ISBN | অাই এস বি এন | |
| ISBN | অাই এস বি এন | 340088753 |
| 040 ## - CATALOGING SOURCE | |
| Original cataloging agency | Loreto College |
| 041 ## - LANGUAGE CODE | |
| Language code | English |
| 082 ## - DDC | ডিউই | |
| Classification number | বর্গসংখ্যা | 811.3 |
| Book Number | গ্রন্থাঙ্ক | WHI-BLO |
| 100 ## - MAIN ENTRY--PERSONAL NAME | মুখ্য সংলেখ - ব্যাক্তিনাম | |
| Personal name | ব্যাক্তিনাম | Whitman,Walt, 1819 - 1892 |
| 245 ## - TITLE STATEMENT | অাখ্যা বিবরণী | |
| Title | অাখ্যা | Leaves of grass |
| Statement of responsibility | লেখকের দায়িত্বের বিবরণ | Walt Whitman;edited by Harold W.Blodgett and Sculley Bradley |
| 250 ## - EDITION STATEMENT | সংস্করণ ক্ষেত্র | |
| Edition statement | সংস্করণ | Reader's Edition |
| 260 ## - IMPRINT | প্রকাশনা ক্ষেত্র | |
| Place of publication | প্রকাশ স্থান | London |
| Name of publisher | প্রকাশকের নাম | University Of London Press |
| Date of publication | প্রকাশ কাল | 1965 |
| 300 ## - PHYSICAL DESCRIPTION | | |
| Page / Vol. No | পৃষ্ঠা / খন্ড সংখ্যা | Iviii,768 p. |
| 440 ## - SERIES STATEMENT |গ্রন্থমালা | |
| Series Title | গ্রন্থমালা অাখ্যা | The Collected writings of Walt Whitman |
| 650 ## - SUBJECT ADDED ENTRY--TOPICAL TERM | বিষয় শিরোনাম - মূল বিষয় | |
| Topical term | মূল বিষয় | American Poetry - Collections |
| 700 ## - ADDED ENTRY--PERSONAL NAME | অতিরিক্ত সংলেখ - ব্ | |
| Personal name | ব্যাক্তিনাম | Blodgett,Harold W.,ed. |
| 850 ## - HOLDING INSTITUTION | |
| Holding institution | LCLIB |
| 942 ## - ADDED ENTRY ELEMENTS (KOHA) | |
| Koha item type | Books |
| Withdrawn status | Lost status | Source of classification | Damaged status | Not for loan | Home library | Current library | Date acquired | Total Checkouts | Full call number | Accession No. | Date last seen | Date checked out | Price effective from | Koha item type | Coded location qualifier |
|---|---|---|---|---|---|---|---|---|---|---|---|---|---|---|---|
| Dewey Decimal Classification | Loreto College | Loreto College | 04/11/2013 | 5 | 811.3 WHI-BLO 20681 | B11550 | 19/11/2024 | 12/11/2024 | 04/11/2013 | Books |